| 000 | 01076cam a22002411i 4500 | ||
|---|---|---|---|
| 003 | SA-RiAUC | ||
| 005 | 20240916072636.0 | ||
| 008 | 240915s1985 ua g 000 0dara c | ||
| 040 |
_aSA-MuMU _bara _cSA-RiAUC _erda |
||
| 082 | 0 | 4 |
_a258.3 _bد ي ب _qSA-RiAUC |
| 100 | 1 |
_aالديب، عبد العظيم محمود، _d1929-2010 _eمؤلف. |
|
| 245 | 1 | 0 |
_aفقه إمام الحرمين عبد الملك بن عبد الله الجويني : _bخصائصه، أثره، منزلته / _cتأليف عبد العظيم الديب. |
| 250 | _aالطبعة الاولى. | ||
| 264 | 1 |
_aالقاهرة : _bعبد العظيم محمود الديب، _c1985 |
|
| 300 |
_a679 صفحة ؛ _c24 سم |
||
| 336 |
_aنص _btxt _2rdacontent _3كتاب |
||
| 337 |
_aبدون وسيط _bn _2rdamedia |
||
| 338 |
_aمجلد _bnc _2rdacarrier |
||
| 600 | 1 | 7 |
_aإمام الحرمين، عبد الملك بن عبد الله بن يوسف، _d419-478 هجري _xدين _2aucnm |
| 650 | 7 |
_aالفقه الشافعي _2aucsh |
|
| 942 |
_2ddc _cBOOK |
||
| 949 |
_aSA-JeALM _d240915 _umohamedma123 _n1 |
||
| 999 |
_c317 _d317 |
||